| 000 | 00449nam a2200181Ia 4500 | ||
|---|---|---|---|
| 001 | 22976 | ||
| 005 | 20260414150906.0 | ||
| 008 | 260414t2007||||xx |||||||||||||| ||spa|| | ||
| 041 | _aESP | ||
| 082 |
_a624.171 _bT37 |
||
| 100 |
_aTena Colunga, Arturo _eAUT |
||
| 245 | 0 |
_aAnálisis de estructuras con métodos matriciales _b |
|
| 260 | _c2007 | ||
| 300 |
_a559 páginas : _c27 cm. |
||
| 650 | _a0 | ||
| 654 | _aCIC | ||
| 942 |
_cLIB _dJUS _fJUS _2ddc _n |
||
| 999 |
_c22976 _d22976 |
||